Southville International School and Colleges
Your cart is empty.
  • Cart
  • Lists
    Public lists Eva Luna New books Lux_list list_1
    Your lists Log in to create your own lists
  • Log in to your account
  • Your cookies
  • Search history
Southville International School and Colleges
  • Advanced search
  • Recent comments
  • Most popular
  • Libraries

Log in to your account

Log in with GOOGLE


If you do not have an external account, but do have a local account, you can still log in:

  1. Home
  2. MARC view: The house on the borderland
Normal view MARC view ISBD view

The house on the borderland (Record no. 128)

[ view plain ]
MARC details
000 -LEADER
fixed length control field 01206cam a2200277 i 4500
001 - CONTROL NUMBER
control field 2689971
003 - CONTROL NUMBER IDENTIFIER
control field LC
005 - DATE AND TIME OF LATEST TRANSACTION
control field 20160316110653.0
008 - FIXED-LENGTH DATA ELEMENTS--GENERAL INFORMATION
fixed length control field 760429r1976 ctu 000 1 eng
010 ## - LIBRARY OF CONGRESS CONTROL NUMBER
LC control number 75028857
020 ## - INTERNATIONAL STANDARD BOOK NUMBER
International Standard Book Number 9780586208632
040 ## - CATALOGING SOURCE
Original cataloging agency DLC
Transcribing agency DLC
Modifying agency DLC
050 00 - LIBRARY OF CONGRESS CALL NUMBER
Classification number PZ 3
Item number .H691 1990
082 00 - DEWEY DECIMAL CLASSIFICATION NUMBER
Classification number FIC
Item number H66h 1990
100 1# - MAIN ENTRY--PERSONAL NAME
Personal name Hodgson, William Hope,
Dates associated with a name 1875-1918.
9 (RLIN) 18879
245 14 - TITLE STATEMENT
Title The house on the borderland
Statement of responsibility, etc by William Hope Hodgson.
260 ## - PUBLICATION, DISTRIBUTION, ETC. (IMPRINT)
Place of publication, distribution, etc Westport, Conn. :
Name of publisher, distributor, etc Hyperion Press,
Date of publication, distribution, etc c1908.
300 ## - PHYSICAL DESCRIPTION
Extent 300 p. ;
Dimensions 22 cm.
490 0# - SERIES STATEMENT
Series statement Classics of science fiction
500 ## - GENERAL NOTE
General note Reprint of the ed. published by Chapman and Hall, London.
520 ## - SUMMARY, ETC.
Summary, etc The House on the Borderland is a true classic of dark fantasy. It blends haunting visions of far-future cataclysm and unearthly transdimensional odysseys with a terrifying story of one man's battle against monsters from the Pit. In its power to grip, astound and terrify readers as it takes them to the far reaches of a bizarre alien cosmos it is unrivalled in imaginative fiction
655 #7 - INDEX TERM--GENRE/FORM
Genre/form data or focus term Science fiction.
Source of term gsafd
9 (RLIN) 1889
906 ## - LOCAL DATA ELEMENT F, LDF (RLIN)
a 7
b cbc
c orignew
d 1
e ocip
f 19
g y-gencatlg
942 ## - ADDED ENTRY ELEMENTS (KOHA)
Source of classification or shelving scheme Library of Congress Classification
Koha item type Books
Holdings
Withdrawn status Lost status Source of classification or shelving scheme Damaged status Home library Current library Shelving location Date acquired Total Checkouts Full call number Barcode Date last seen Copy number Price effective from Koha item type
    Library of Congress Classification   Luxembourg Library Luxembourg Library Fiction Section 01/07/2012   PZ 3 .H691 1990 2721 08/13/2013 1 10/03/2013 Books

The house on the borderland

APA

Hodgson W. H., . (1908). The house on the borderland. Westport, Conn: Hyperion Press.

Chicago

Hodgson William Hope, . 1908. The house on the borderland. Westport, Conn: Hyperion Press.

Harvard

Hodgson W. H., . (1908). The house on the borderland. Westport, Conn: Hyperion Press.

MLA

Hodgson William Hope, . The house on the borderland. Westport, Conn: Hyperion Press. 1908.

  • Place hold
  • Print
  • Cite
  • Add to your cart (remove)
  • Save record
    BIBTEX Dublin Core MARCXML MARC (non-Unicode/MARC-8) MARC (Unicode/UTF-8) MARC (Unicode/UTF-8, Standard) MODS (XML) RIS
  • More searches
    Search for this title in:
    Other Libraries (WorldCat) Other Databases (Google Scholar) Online Stores (Bookfinder.com) Open Library (openlibrary.org)

Exporting to Dublin Core...

SOUTHVILLE LIBRARY

Southville International School and Colleges Library

1281 Tropical Ave. Cor. Luxembourg St., BF Homes International, Las Pinas City

Tel. No. 8256374 / 252358 Loc. 117/146

Powered by Koha